World Health Statistics Annual 1994

Saved in:
Bibliographic Details
Format: Book
Language:English
Published: Genéve World Health Organization 1995
Edition:1. ed.
Subjects:
Tags: Add Tag
No Tags, Be the first to tag this record!

MARC

LEADER 00000nam a2200000 4500
001 c011900
005 20221205133735.6
020 |a 92-4-067940-5 
041 0 |a eng 
044 |a CH 
245 1 0 |a World Health Statistics Annual 1994 
250 |a 1. ed. 
264 1 |a Genéve  |b World Health Organization  |c 1995 
300 |a 16, 407, 14 s. 
610 2 0 |a údaje štatistické 
610 2 0 |a zdravotníctvo 
610 2 0 |a svet 
610 2 0 |a 1994 
610 2 0 |a WHO